000 00539nam a2200205 a 4500
005 20140310183219.0
008 030923s19uu xx 00 eng d
020 _a0256171726
050 _aHB 172
_b.Sl57 1996
100 _aSlavin, Stephen L.
245 _aMicroeconomics /
_cStephen L. Slavin.
250 _a4th ed.
260 _aChicago :
_bIrwin,
_c1996.
300 _axvi, 494 p. :
_bill. graphs ;
_c28 cm.
500 _aIncludes Index
521 _aBSBA
650 _aMicroeconomics
942 _cBK
_2lcc
_kFOR
999 _c20282
_d20282